00400nam a2200133Ia 450000500170000000800410001702000180005808200130007610000150008924500310010426000410013530000130017650000770018920250701030444.0240331s9999 xx 000 0 und d a9789553000989 bUDAa809 aUdawatte,P 0aThisahami gana naasu katha aColombobS. Godage & Brothersc2008 a104 p ., aInteresting stories related to the character of Holike Vannaku Tissahami